000 00798nam a2200313Ia 4500
001 9778
005 20240113234229.0
007 ta
008 050728s2000 a g b000 u 491 u
020 _cHB
040 _aCotton College Assam
041 _a491
082 _a891.202
_bSw 11 Su
100 _aSwain, Biswanath.
245 0 _aSuddhi Chandrika /
_cBiswanath Swain.
_hTextual Documents
250 _a1st ed /
260 _aPuri :
_bJagannath Prasad Swani ,
_c2000.
300 _a87p. :
_bill. ;
_c21cm. .
653 _aSanskrit literature-Classical
653 _aSanskrit drama
653 _aReference-Sanaskrit
942 _2ddc
_cBK
999 _c9765
_d9765